000 00309nam a22001337a 4500
008 170809b xxu||||| |||| 00| 0 eng d
020 _a9780763822286
041 _aeng
080 _a004
100 _a35
101 _aSHK
245 _aCOMPUTERIZED ACCOUNTIG WITH PEACHTREE 2005
_cMAZZA,J
942 _2udc
_cBK
999 _c22975
_d22975